Cimarron rose / (Record no. 31145)

MARC details
000 -LEADER
fixed length control field 01113cam a2200337 a 4500
001 - CONTROL NUMBER
control field 35151199
003 - CONTROL NUMBER IDENTIFIER
control field OSt
005 - DATE AND TIME OF LATEST TRANSACTION
control field 20250922063411.0
008 - FIXED-LENGTH DATA ELEMENTS--GENERAL INFORMATION
fixed length control field 960724t19971997nyu 000 1 eng
010 ## - LIBRARY OF CONGRESS CONTROL NUMBER
LC control number 96030745 //r97
020 ## - INTERNATIONAL STANDARD BOOK NUMBER
International Standard Book Number 0786862580
035 ## - SYSTEM CONTROL NUMBER
System control number (OCoLC)ocm35151199
040 ## - CATALOGING SOURCE
Original cataloging agency DLC
Language of cataloging eng
Transcribing agency DLC
Modifying agency COF
043 ## - GEOGRAPHIC AREA CODE
Geographic area code n-us-tx
100 1# - MAIN ENTRY--PERSONAL NAME
Personal name Burke, James Lee,
Dates associated with a name 1936-
Authority record control number (DLC)n 85019637.
245 10 - TITLE STATEMENT
Title Cimarron rose /
Statement of responsibility, etc. a novel by James Lee Burke.
264 #1 - PRODUCTION, PUBLICATION, DISTRIBUTION, MANUFACTURE, AND COPYRIGHT NOTICE
Place of production, publication, distribution, manufacture New York :
Name of producer, publisher, distributor, manufacturer Hyperion,
Date of production, publication, distribution, manufacture, or copyright notice [1997]
264 #4 - PRODUCTION, PUBLICATION, DISTRIBUTION, MANUFACTURE, AND COPYRIGHT NOTICE
Date of production, publication, distribution, manufacture, or copyright notice ℗♭1997.
300 ## - PHYSICAL DESCRIPTION
Extent 288 pages ;
Dimensions 25 cm.
336 ## - CONTENT TYPE
Content type term text
Content type code txt
Source rdacontent.
337 ## - MEDIA TYPE
Media type term unmediated
Media type code n
Source rdamedia.
338 ## - CARRIER TYPE
Carrier type term volume
Carrier type code nc
Source rdacarrier.
650 #0 - SUBJECT ADDED ENTRY--TOPICAL TERM
Topical term or geographic name as entry element Trials (Murder)
Geographic subdivision Texas
Form subdivision Fiction.
Authority record control number (DLC)sh 85137369
-- (DLC)n 80129616
-- (DLC)sh 99001562.
650 #0 - SUBJECT ADDED ENTRY--TOPICAL TERM
Topical term or geographic name as entry element Teenage boys
Geographic subdivision Texas
Form subdivision Fiction.
Authority record control number (DLC)sh 85000954
-- (DLC)n 80129616
-- (DLC)sh 99001562.
651 #0 - SUBJECT ADDED ENTRY--GEOGRAPHIC NAME
Geographic name Texas
Form subdivision Fiction.
Authority record control number (DLC)sh2008112693.
655 #7 - INDEX TERM--GENRE/FORM
Genre/form data or focus term Fiction.
Source of term fast
Authority record control number (OCoLC)fst01423787.
655 #7 - INDEX TERM--GENRE/FORM
Genre/form data or focus term Legal stories.
Source of term gsafd.
655 #7 - INDEX TERM--GENRE/FORM
Genre/form data or focus term Mystery fiction.
Source of term gsafd.
907 ## - LOCAL DATA ELEMENT G, LDG (RLIN)
a .b168955970
942 ## - ADDED ENTRY ELEMENTS (KOHA)
Koha item type Libro/Book
Holdings
Withdrawn status Lost status Damaged status Not for loan Home library Current library Date acquired Total Checkouts Full call number Barcode Checked out Date last seen Date checked out Price effective from Koha item type
        San Juan Del Sur -- Biblioteca San Juan Del Sur -- Biblioteca 22/09/2025 1 F 30023409 10/12/2025 05/11/2025 05/11/2025 22/09/2025 Libro/Book

Powered by Koha